|
|
|
|
| LEADER |
01047nam a22002417a 4500 |
| 001 |
AAL9670 |
| 003 |
BD-DhAAL |
| 005 |
20180711114012.0 |
| 008 |
180711s 2014B ||||| |||| 00| 0bB d |
| 999 |
|
|
|c 39651
|d 39651
|
| 020 |
|
|
|a 9847020500582
|
| 040 |
|
|
|a BD-DhAAL
|c BD-DhAAL
|
| 082 |
|
|
|a 144
|
| 100 |
|
|
|a খালেদউজ্জামান, মোঃ
|9 26889
|
| 245 |
|
|
|a লালন দর্শনের মানবতাবাদ /
|c মোঃ খালেদউজ্জামান
|
| 260 |
|
|
|a ঢাকা :
|b নভেল পাবলিশিং,
|c ২০১৪
|
| 300 |
|
|
|a ৩৩৫ পৃ. :
|b চিত্র ;
|c ২২ সে.মি.
|
| 504 |
|
|
|6 গ্রন্থপঞ্জী অন্তর্ভূত
|
| 541 |
|
|
|e ৯৬৭০
|
| 650 |
|
|
|a Humanism
|9 26890
|
| 852 |
|
|
|a Savar Campus Library
|c General Shelf
|
| 942 |
|
|
|2 ddc
|c BK
|
| 952 |
|
|
|0 0
|1 0
|2 ddc
|4 0
|6 144_000000000000000_KHA
|7 0
|9 63704
|a SCL
|b SCL
|c GEN
|d 2018-07-11
|e Development Book Agency
|g 297.00
|l 3
|m 8
|o 144 KHA
|p 3020009670
|r 2022-11-21
|s 2022-11-15
|t 1
|w 2018-07-11
|y BK
|